| 000 | 00786nam a2200289Ia 4500 | ||
|---|---|---|---|
| 001 | Z_2948 | ||
| 003 | CHAP | ||
| 008 | 220113s1987 xx 000 0 und d | ||
| 010 | _a166031 | ||
| 040 | _cCHAP | ||
| 082 | _a636.39 W5y | ||
| 100 |
_aWilkinson, J. M. _9121978 |
||
| 245 |
_aProducción comercial de cabras / _cpor J. M. Wilkinson y Barbara A. Stark |
||
| 260 |
_aZaragoza : _bAcribia, _c1987 |
||
| 300 |
_a165 p. : _bilus. |
||
| 440 | _a | ||
| 500 | _aTrad. De : Comercial goat production | ||
| 503 | _a201578, C/E | ||
| 650 |
_aGanado cabrío _xAspectos económicos _944994 |
||
| 650 |
_aGanado cabrío _xProducción I. Stark, Barbara a. II. t. _9138229 |
||
| 901 | _a636.39 W5y | ||
| 902 | _aA | ||
| 910 | _a1987 | ||
| 942 | _c1 | ||
| 942 | _cc1 | ||
| 999 |
_c166031 _d166031 |
||